| 000 | 01147nam0a22002531i 4500 | ||
|---|---|---|---|
| 001 | rc\3481865 | ||
| 005 | 20241101010547.0 | ||
| 021 |
_aRU _b[71-22786а] |
||
| 035 | _a(NLR Aleph) 007602283 | ||
| 090 |
_a5727385 _c5727385 |
||
| 100 | _a20130115d1971 |||y0rusy50 ca | ||
| 101 | 0 |
_arus _aeng |
|
| 102 | _aRU | ||
| 105 | _ay de ||||| | ||
| 200 | 1 |
_aУсеченные единицы типа "doc, pop" в современном английском языке _e(К вопросу о словаре и варианте слова) _eАвтореф. дис. на соискание учен. степени канд. филол. наук _e(663) _fМоск. обл. пед. ин-т им. Н.К. Крупской |
|
| 210 |
_aМосква _d1971 |
||
| 215 |
_a24 с. _cграф. |
||
| 532 | 1 | 3 | _aУсеченные единицы типа doc, pop в современном английском языке |
| 700 | 1 |
_7ca _8rus _aНиканорова _bИ. А. _gИрина Александровна _9148985 _3RU\NLR\AUTH\770149021 |
|
| 801 | 0 |
_aRU _bNLR _gpsbo |
|
| 801 | 1 |
_aRU _bELAR _2rusmarc |
|
| 852 |
_aNLR _j72-4/14186 |
||
| 942 | _cBOOK | ||